000 00840nam a2200217Ii 4500
003 JO-AjNU
008 230605s9999||||xx |||||||||||||| ||und||
017 _a2004/10/2573
040 _aJO-AjNU
_bara
_erda
_cJO-AjNU
041 _aara
050 1 4 _aPJ6645 2005
100 3 _aتأليف البرقوني، عدلي,
_eauthor
_98077
245 0 0 _aكيف تتحدث اللغة الفرنسية؟ دليلك..في السياحة والسفر والتسوق والعمل
250 _aط1
264 3 1 _aعمان: دار عالم الثقافة للنشر والتوزيع، 2005 ؛ عمان: دار الأسرة للنشر والتوزيع، 2005
300 _a80ص
336 _atext
_btxt
_2rdacontent
337 _aunmediated
_bn
_2rdamedia
338 _avolume
_bnc
_2rdacarrier
650 4 _aاللغة الفرنسية - تعلم
_98078
999 _aA604
_c4172
_d4172